000 00311nam a2200133Ia 4500
008 230818s2010 xx 000 0 und d
041 _aeng
100 _aBrother
245 _aFrench country Cooking
260 _bQuantum pub
_c2010
300 _a256p
520 _aReference Copy
999 _c853063
_d853063
650 _aFood Production